Theories of development mode of production of dependency . (Record no. 112014)

MARC details
000 -LEADER
fixed length control field 00482nam a22001697a 4500
003 - CONTROL NUMBER IDENTIFIER
control field BD-ChCU
005 - DATE AND TIME OF LATEST TRANSACTION
control field 20260402120954.0
008 - FIXED-LENGTH DATA ELEMENTS--GENERAL INFORMATION
fixed length control field 260402b bg ||||| |||| 00| 0 ben d
040 ## - CATALOGING SOURCE
Transcribing agency BD-ChCU
082 ## - DEWEY DECIMAL CLASSIFICATION NUMBER
Classification number 330.122 THE
100 ## - MAIN ENTRY--PERSONAL NAME
Personal name Ronald H. Chilcote .
9 (RLIN) 21078
245 ## - TITLE STATEMENT
Title Theories of development mode of production of dependency .
Statement of responsibility, etc. chilcote H. Ronald .
260 ## - PUBLICATION, DISTRIBUTION, ETC.
Place of publication, distribution, etc. London :
Name of publisher, distributor, etc. Sage pub .
Date of publication, distribution, etc. C 1983
300 ## - PHYSICAL DESCRIPTION
Extent 256p.
650 #0 - SUBJECT ADDED ENTRY--TOPICAL TERM
Topical term or geographic name entry element Capitalism .
9 (RLIN) 21080
942 ## - ADDED ENTRY ELEMENTS (KOHA)
Source of classification or shelving scheme Dewey Decimal Classification
Koha item type Books
Suppress in OPAC No
Holdings
Withdrawn status Lost status Source of classification or shelving scheme Damaged status Not for loan Home library Current library Shelving location Date acquired Source of acquisition Total Checkouts Full call number Barcode Date last seen Copy number Price effective from Koha item type
    Dewey Decimal Classification     Chittagong University Library Chittagong University Library Business and Social Science Reading Room 02/04/2026 Purchase   330.122 THE 139070 02/04/2026 C-1 02/04/2026 Books
    Dewey Decimal Classification     Chittagong University Library Chittagong University Library Business and Social Science Reading Room 02/04/2026 Purchase   330.122 THE 139071 02/04/2026 C-2 02/04/2026 Books
© Copyright 2026. Chittagong University Library, Installation and Maintenance by Prof. Dr. Md. Alamgir, 01711306253